000 00652nam a2200193Ii 4500
003 JO-AjNU
008 230605s9999||||xx |||||||||||||| ||und||
040 _aJO-AjNU
_bara
_erda
_cJO-AjNU
041 _aara
050 1 4 _aBP150.S4 1986
100 3 _aشلتوت، محمود محمد، م.مشارك محمد علي السايس,
_eauthor
_916089
245 0 0 _aمقارنة المذاهب في الفقه
264 3 1 _aمصر: دار المعارف، 1986
300 _a160ص
336 _atext
_btxt
_2rdacontent
337 _aunmediated
_bn
_2rdamedia
338 _avolume
_bnc
_2rdacarrier
650 4 _aالفقة الاسلامي - مذاهب
_916090
999 _aA4691
_c8259
_d8259